Cher Filmography - Statistics

General Stats
  • This quiz has been taken 114 times
    9 since last reset
  • The average score is 18 of 198
Answer Stats
Type Year Name % Correct
Film 2018 Mamma Mia! Here We Go Again
86%
Film 1987 Moonstruck
86%
Film 2010 Burlesque
71%
Film 1990 Mermaids
71%
TV Show 1976-1977 The Sonny & Cher Show
71%
Film 1987 The Witches of Eastwick
71%
TV Show 1975-1976 Cher
57%
Film 1985 Mask
57%
Film 1983 Silkwood
57%
Film 1987 Suspect
57%
Theater 1982 Come Back to the 5 & Dime Jimmy Dean, Jimmy Dean
43%
Film 1982 Come Back to the Five and Dime, Jimmy Dean, Jimmy Dean
43%
TV Film 1996 If These Walls Could Talk
43%
TV Show 1987, 1992 Saturday Night Live
43%
Film 1969 Chastity
29%
TV Special 1990 Cher... at the Mirage
29%
TV Special 2003 Cher: The Farewell Tour
29%
TV Documentary 2013 Dear Mom, Love Cher
29%
Film 1996 Faithful
29%
Film 1967 Good Times
29%
TV Show 1968, 1969 Rowan & Martin's Laugh-In
29%
Film 2003 Stuck on You
29%
Film 1999 Tea with Mussolini
29%
TV Show 1967, 1975 The Carol Burnett Show
29%
TV Show 1971-1974 The Sonny & Cher Comedy Hour
29%
TV Special 2002 VH1 Divas Las Vegas
29%
TV Special 1999 VH1 Divas Live 2
29%
Film 2011 Zookeeper
29%
Video Game 1996 9: The Last Resort
14%
Commercial 1992 Aquasentials Skin Care
14%
TV Documentary 2011 Becoming Chaz
14%
Film 2020 Bobbleheads: The Movie
14%
TV Special 2023 Carol Burnett: 90 Years of Laughter + Love
14%
TV Special 1979 Cher... and Other Fantasies
14%
TV Documentary 2021 Cher and the Loneliest Elephant
14%
Fitness Video 1992 Cher: Extravaganza - Live at the Mirage
14%
TV Special 1978 Cher... Special
14%
Commercial 1984 Chicago Health & Racquetball Club
14%
TV Show 2013, 2019 Dancing with the Stars
14%
Commercial 1992 Equal
14%
Web Series 2017 Home: Adventures with Tip & Oh
14%
Commercial 1985, 1989 Jack LaLanne Spa
14%
TV Show 1971 Love, American Style
14%
Commercial 1987, 1988 Parfums Stern
14%
Film 1994 Prêt-à-Porter
14%
Web Series 2021 Scooby-Doo and Guess Who?
14%
TV Show 2004 Sesame Street
14%
TV Documentary 1998 Sonny & Me: Cher Remembers
14%
TV Special 1987 Superstars and Their Moms
14%
TV Show 2013 TCM Friday Night Spotlight
14%
TV Special 1971 The First Nine Months Are the Hardest
14%
Commercial 2017 The Gap
14%
TV Show 1967 The Man from U.N.C.L.E.
14%
TV Show 1972 The New Scooby-Doo Movies
14%
Film 1992 The Player
14%
TV Special 1971 The Sonny & Cher Nitty Gritty Hour
14%
TV Show 1968-1988 The Tonight Show Starring Johnny Carson
14%
TV Show 2013 The Voice
14%
TV Show 1965-2001 Top of the Pops
14%
Commercial 2025 Uber Eats
14%
Commercial 1995, 2013 Warner Music Group
14%
Film 1965 Wild on the Beach
14%
TV Show 2000, 2002 Will & Grace
14%
TV Special 2019 AFI Life Achievement Award: A Tribute to Denzel Washington
0%
TV Special 1981 AFI Life Achievement Award: A Tribute to Fred Astaire
0%
TV Special 1994 AFI Life Achievement Award: A Tribute to Jack Nicholson
0%
TV Special 2004 AFI Life Achievement Award: A Tribute to Meryl Streep
0%
TV Special 2010 AFI Life Achievement Award: A Tribute to Mike Nichols
0%
TV Documentary 1998 AFI's 100 Years... 100 Movies: America's Greatest Movies
0%
TV Show 1965, 1982 American Bandstand
0%
TV Special 2002 American Bandstand's 50th Anniversary Celebration
0%
Documentary Series 2012 American Masters
0%
TV Show 2019 America's Got Talent
0%
TV Special 1997 An Audience with Elton John
0%
TV Special 1990 An Evening with Friends of the Environment
0%
TV Special 2021 A Night in the Academy Museum
0%
TV Show 1966, 1967 Beat-Club
0%
Documentary Series 1999, 2002 Behind the Music
0%
Documentary 2024 Bob Mackie: Naked Illusion
0%
TV Special 2022 Celebrating Betty White: America's Golden Girl
0%
TV Special 1983 Cher: A Celebration at Caesar's
0%
Fitness Video 1991 CherFitness: A New Attitude
0%
Fitness Video 1992 CherFitness: Body Confidence
0%
Documentary 2021 Cher: In Her Own Words
0%
TV Special 1999 Cher: Live in Concert from Las Vegas
0%
TV Special 2023 Cher Meets Rylan
0%
TV Special 2020 Children in Need
0%
TV Special 2023 Christmas at Graceland
0%
TV Special 1988 Christmas at Pee-wee's Playhouse
0%
TV Special 2023 Christmas at Rockefeller Center
0%
TV Special 1965 Cinnamon Cinder Show Christmas Special
0%
TV Special 1990 Club Rhino
0%
TV Special 1991 Coca-Cola Pop Music Backstage Pass to Summer
0%
TV Special 1989, 1995 Comic Relief
0%
TV Show 1991 Dame Edna's Hollywood
0%
TV Special 1966 Danny Thomas Special: My Home Town
0%
Documentary 2024 Diane Warren: Relentless
0%
TV Show 1975, 1976 Dinah!
0%
TV Show 1976 Donny and Marie
0%
TV Show 1994 Don't Forget Your Toothbrush
0%
TV Show 2004 Dr. Phil
0%
TV Special 2002 Elvis Lives
0%
Documentary Series 1999, 2003 E! True Hollywood Story
0%
TV Show 2004 Eurovision Song Contest Istanbul 2004
0%
Web Special 2018 Families Belong Together: Los Angeles
0%
TV Show 1991, 1992 Going Live!
0%
TV Special 2017 Hand in Hand: A Benefit for Hurricane Relief
0%
TV Special 1997 Happy Birthday Elizabeth: A Celebration of Life
0%
TV Documentary 1999 Hollywood Animal Crusaders
0%
Documentary Series 2001 Hollywood Greats
0%
TV Show 1965 Hullabaloo
0%
TV Special 2023 iHeartRadio Jingle Ball
0%
TV Special 2001 I Love Lucy's 50th Anniversary Special
0%
TV Special 1992 In a New Light: A Call to Action in the War Against AIDS
0%
Documentary 2017 In This Climate
0%
TV Special 1999, 2002, 2003 Jerry Lewis MDA Labor Day Telethon
0%
TV Special 2002 Judi Dench: A BAFTA Tribute
0%
Documentary Series 1988 La nuit des Césars
0%
Documentary 2017 Larger Than Life: The Kevyn Aucoi Story
0%
TV Show 1996-2013 Late Show with David Letterman
0%
TV Show 1996, 1999 Live & Kicking
0%
TV Special 1986 Looney Tunes 50th Anniversary
0%
TV Special 2020 Love in Action: A Telethon to Support the LGBTQ Community During COVID-19
0%
TV Special 2013 Macy's 4th of July Fireworks Spectacular
0%
TV Special 1980 Magic Night
0%
TV Show 2023 Mamma Mia! I Have a Dream
0%
TV Special 1990 Mary Hart Presents: Power in the Public Eye
0%
Documentary 2003 Mayor of the Sunset Strip
0%
TV Special 2002 MTV Icon: Aerosmith
0%
TV Special 1991 MTV's 10th Anniversary Special
0%
TV Show 1978 Musikladen
0%
TV Special 2001 National Lottery Christmas Cracker
0%
TV Show 2002 NFL Monday Night Football
0%
TV Special 1982 Night of 100 Stars
0%
TV Show 1966 Nuorten tanssihetki
0%
TV Show 1980 Omnibus
0%
TV Show 1970 Playboy After Dark
0%
Short Film 1985 Rabbit Ears: The Ugly Duckling
0%
TV Special 2001 Race to Erase MS
0%
TV Show 1966, 1967 Ready, Steady, Go!
0%
TV Show 2003 Reel Comedy
0%
TV Special 1975 Rona Looks at Raquel, Liza, Cher and Ann-Margret
0%
TV Show 1988 Roseanne
0%
TV Show 1965 Shindig!
0%
TV Show 1965 Shivaree
0%
Video Game 2004 SingStar Party
0%
TV Special 2025 SNL50: The Anniversary Special
0%
Web Special 2025 SNL50: The Homecoming Concert
0%
TV Show 1982 Solid Gold
0%
TV Documentary 2002 Still Cher
0%
TV Show 2023 Strictly Come Dancing
0%
TV Show 1996 TFI Friday
0%
TV Special 2002 That '70s KISS Show
0%
TV Special 1978 The 1978 Cerebral Palsy Telethon Benefit
0%
Documentary 2018 The Advocate Celebrates 50 Years: A Long Road to Freedom
0%
TV Show 1967 The Andy Williams Show
0%
TV Show 1970 The Barbara McNair Show
0%
TV Show 1968 The Beautiful Phyllis Diller Show
0%
TV Special 1970 The Best on Record
0%
TV Show 1967 The Clay Cole Show
0%
TV Show 1965, 1967 The Ed Sullivan Show
0%
Documentary 2016 The First Monday in May
0%
TV Special 1975 The Flip Wilson Special
0%
TV Show 1969-1971 The Glen Campbell Goodtime Hour
0%
TV Special 1992 The Grand Opening of Euro Disney
0%
TV Show 1965, 1966 The Hollywood Palace
0%
TV Show 1969 The Hollywood Squares
0%
TV Show 1967 The Jerry Lewis Show
0%
TV Show 1967 The Joey Bishop Show
0%
TV Special 2019 The Kennedy Center Honors: A Celebration of the Performing Arts
0%
TV Show 1967, 1968, 1969 The Kraft Music Hall
0%
TV Show 1964-1966 The Lloyd Thaxton Show
0%
TV Show 1969-1972 The Merv Griffin Show
0%
TV Show 1980 The Midnight Special
0%
TV Show 1969-1979 The Mike Douglas Show
0%
TV Show 1980 The Monte Carlo Show
0%
TV Show 1977 The Old Grey Whistle Test
0%
TV Special 2017 The Paley Center Salutes NBC's 90th Anniversary
0%
TV Special 2021, 2024 The Rock 'n' Roll Hall of Fame Induction Ceremony
0%
TV Special 2001, 2023 The Royal Variety Performance
0%
TV Show 1967 The Smothers Brothers Comedy Hour
0%
Documentary Series 1999 The South Bank Show
0%
TV Show 1967 The Steve Allen Comedy Hour
0%
TV Special 2002 The Tonight Show with Jay Leno 10th Anniversary
0%
Documentary 2008 The Wrecking Crew!
0%
TV Show 2013 The X Factor UK
0%
TV Special 1998 The X-Files Movie Special
0%
Film 1968 The Young Animals
0%
TV Show 1969 This Is Tom Jones
0%
TV Show 1965, 1966 Upbeat
0%
TV Show 1997 Very Important Pennis
0%
TV Special 2024 Victoria's Secret Fashion Show
0%
TV Show 1987-2023 Wanna Bet?
0%
TV Show 1998 What's the Bet?
0%
TV Show 1965-1966 Where the Action Is
0%
TV Special 1968 Where the Girls Are
0%
TV Special 1979 Wings Over the World
0%
Documentary 1986 Women in Rock
0%
No matching quizzes found
Score Distribution
Percent of People with Each Score
Percentile by Number Answered
Your Score History
You have not taken this quiz since the last reset